Gestión escolar centrada en la enseñanza y los aprendizajes (Record no. 9296)
[ view plain ]
| 000 -LEADER | |
|---|---|
| campo de control de longitud fija | 00392nam a2200133Ia 4500 |
| 001 - NÚMERO DE CONTROL | |
| campo de control | 1405 |
| 008 - DATOS DE LONGITUD FIJA--INFORMACIÓN GENERAL | |
| campo de control de longitud fija | 241024s9999 xx 000 0 und d |
| 082 ## - NÚMERO DE LA CLASIFICACIÓN DECIMAL DEWEY | |
| Número de clasificación | RD/370.1/R426g |
| 100 ## - ENTRADA PRINCIPAL--NOMBRE DE PERSONA | |
| Nombre de persona | República Dominicana. Ministerio de Educación |
| 245 #0 - MENCIÓN DEL TÍTULO | |
| Título | Gestión escolar centrada en la enseñanza y los aprendizajes |
| 260 ## - PUBLICACIÓN, DISTRIBUCIÓN, ETC. | |
| Nombre del editor, distribuidor, etc. | Santo Domingo |
| Fecha de publicación, distribución, etc. | 2008 |
| 901 ## - ELEMENTOS DE DATOS A LOCAL LDA (RLIN) | |
| a | 31/3/2011 3:08:17 p.m. |
No items available.